<?xml version="1.0" encoding="UTF-8"?>
<collection xmlns="http://www.loc.gov/MARC21/slim">
  <record>
    <leader>00000nam  2200000   4500</leader>
    <controlfield tag="001">INLIS000000000015625</controlfield>
    <controlfield tag="005">20230622081139</controlfield>
    <datafield tag="035" ind1="#" ind2="#">
      <subfield code="a">0010-0623000026</subfield>
    </datafield>
    <datafield tag="245" ind1="1" ind2="#">
      <subfield code="a">Pembentukan Tim Penindakan dan Penegakan Yustisi Sistem Peradilan di Tempat (Satuan Polisi Pamong Praja) Kabupaten Penajam Paser Utara /</subfield>
      <subfield code="c">Abdul Gapur,ST</subfield>
    </datafield>
    <datafield tag="100" ind1="1" ind2="#">
      <subfield code="a">ABDUL, Gapur</subfield>
    </datafield>
    <datafield tag="250" ind1="#" ind2="#">
      <subfield code="a">1</subfield>
    </datafield>
    <datafield tag="300" ind1="#" ind2="#">
      <subfield code="a">viii, 39 halaman ; lampiran :</subfield>
      <subfield code="b">ilustrasi ;</subfield>
      <subfield code="c">30 cm</subfield>
    </datafield>
    <datafield tag="260" ind1="#" ind2="#">
      <subfield code="a">Samarinda :</subfield>
      <subfield code="b">Puslatbang KDOD,</subfield>
      <subfield code="c">2023</subfield>
    </datafield>
    <datafield tag="084" ind1="#" ind2="#">
      <subfield code="a">PKA 163 2023</subfield>
    </datafield>
    <datafield tag="650" ind1="#" ind2="4">
      <subfield code="a">Proyek Perubahan</subfield>
    </datafield>
    <datafield tag="650" ind1="#" ind2="4">
      <subfield code="a">Administrator</subfield>
    </datafield>
    <datafield tag="650" ind1="#" ind2="4">
      <subfield code="a">inovasi pemerintah</subfield>
    </datafield>
    <datafield tag="650" ind1="#" ind2="4">
      <subfield code="a">sistem informasi</subfield>
    </datafield>
    <datafield tag="650" ind1="#" ind2="4">
      <subfield code="a">sistem peradilan</subfield>
    </datafield>
    <datafield tag="650" ind1="#" ind2="4">
      <subfield code="a">hukum pidana</subfield>
    </datafield>
    <datafield tag="650" ind1="#" ind2="4">
      <subfield code="a">penegakan hukum</subfield>
    </datafield>
    <datafield tag="520" ind1="#" ind2="#">
      <subfield code="a">Laporan proyek perubahan ini menjelaskan perlunya upaya penegakan hukum dengan sistem peradilan di tempat agar terciptanya Kabupaten Penajam Paser Utara yang Tertib, Aman, Nyaman, Tertata serta Maju Modern dan Religius. Inovasi membentuk tim Penindakan dan Penegakan Sistem Peradilan di Tempat tindak pidana ringan akan mewujudkan kententraman dan ketertiban umum melalui sistem peradilan di tempat tindak pidana ringan, sehingga memberikan efek jera dan penurunan angka pelanggaran Perda dan Perkada di Kabupaten Penajam Paser Utara</subfield>
    </datafield>
    <datafield tag="505" ind1="#" ind2="#">
      <subfield code="a">Coach : Dr. M. Harry Rahmadi, S.Psi.MM&#13;
Penguji : Muhammad Kurniawan, SE.AK.MM&#13;
Mentor : Arifin Sani, S.Sos</subfield>
    </datafield>
    <datafield tag="990" ind1="#" ind2="#">
      <subfield code="a">PKA/163/2023</subfield>
    </datafield>
  </record>
</collection>
